01582agaaa2200301 45000010005000000030009000050050017000140070009000310080040000400400023000800410013001031000048001161300025001642400032001892450184002212460025004052500022004302600121004523000034005735080140006075110092007475200240008395380016010795460013010956500056011087000056011647000060012206228IT-RoPAU20220918181235.0d cvaizq50131s9999||||xx ||| | || ||und|| aIT-RoPAUcIT-RoPAU aITALIANO aVerneuil HenrigCodice regista SPICS: 11217 aWEEK-END A ZUYDCOOTE aWEEK-END A ZUYDCOOTEgT1855 aWEEK-END A ZUYDCOOTEcProdotto da: Hakim Robert E Raymo -- Sceneggiatura: Boyer Francois -- Diretto da: Verneuil HenripWEEK-END A ZUYDCOOTE (Rif. Codice opera principale : 26228) aWEEK-END A ZUYDCOOTE aEdizione Standard aPARIGI - ROMA (FRANCIA)bPARIS FILM - INTEROPA / Distribuzione: RAIg"1964 (1° ed.: 1984 ; Ed. Lingua Orig.: 1964)" aVHSbsonoro, col.c123 minuti a"Fotografia: Decae Henri; Montaggio: Durand Claude; Musica: Jarre Maurice; Sceneggiatura: Boyer Francois; Scenografia: Clavel Robert; " a"Belmondo Jean; Paul; Spaak Catherine; Perier Francois; Marielle Jean; Pierre; Mondy P" aFILM DRAMMATICO GUERRA CHE TRAVOLGE SOGNI D'AMORE E TRANQUILLITA' VICENDA AMBIENTATA NEL GIUGNO DEL 1940 A ZUYDCOOTE DOVE TRUPPE INGLESI E FRANCESI TENTANO DI IMBARCARSI PER L'INGHILTERRA PER SFUGGIRE ALLE TRUPPE TEDESCHE FILM A COLORI aPAL, STEREO aITALIANO aDRAMMATICOeFILMS [VHS]xCodice MATERIA SPICS: 9960 aJarre Mauricee(musica)gCodice Musica SPICS: 10958 aVerneuil Henri e(regista)gCodice regista SPICS: 11217